Christmas Stories. A Christmas Carol

Bibliografische gegevens
Hoofdauteur: C. Dickens
Samenvatting:Книга находится в премиум-версии платформы «Русский как иностранный».
The story of Ebenezer Scrooge opens on a Christmas Eve as cold as Scrooge’s own heart. That night, he receives three ghostly visitors: the terrifying spirits of Christmas Past, Present and Yet to Come. Each takes him on a heart-stopping journey. Will Scrooge’s heart be opened? Can he reverse the miserable future he is forced to see?
Gepubliceerd in: Москва, T8RUGRAM, 2018
Onderwerpen:
Online toegang:Перейти к просмотру издания
Formaat: MixedMaterials Elektronisch

MARC

LEADER 00000 a2200000 4500
001 RU/ROS-EDU.RU/83429
856 4 |u https://www.ros-edu.ru/book?id=83429  |z Перейти к просмотру издания 
010 |a 978-5-521-06873-9 
100 |a 20180101d2018 |||y0rusy0250  
105 |a y z 000zy 
101 0 |a rus 
102 |a RU 
200 1 |a Christmas Stories. A Christmas Carol  |b Электронный ресурс  |f C. Dickens 
700 1 |b C.  |a Dickens  |4 070 
330 |a The story of Ebenezer Scrooge opens on a Christmas Eve as cold as Scrooge’s own heart. That night, he receives three ghostly visitors: the terrifying spirits of Christmas Past, Present and Yet to Come. Each takes him on a heart-stopping journey. Will Scrooge’s heart be opened? Can he reverse the miserable future he is forced to see? 
210 |a Москва  |c T8RUGRAM  |d 2018 
610 1 |a художественная литература 
610 1 |a английский язык 
610 1 |a зарубежная проза 
610 1 |a классика 
610 1 |a Рождество 
675 |a 82 
686 |a 84  |2 rubbk 
300 |a Книга находится в премиум-версии платформы «Русский как иностранный». 
215 |a 107 с.